LEADER 02828 am 2200505 n 450 001 9910169188403321 005 20160728 010 $a2-37546-043-X 024 7 $a10.4000/books.pressesenssib.897 035 $a(CKB)3710000001157416 035 $a(FrMaCLE)OB-pressesenssib-897 035 $a(oapen)https://directory.doabooks.org/handle/20.500.12854/42063 035 $a(PPN)267946627 035 $a(EXLCZ)993710000001157416 100 $a20170404j|||||||| ||| 0 101 0 $afre 135 $auu||||||m|||| 181 $ctxt$2rdacontent 182 $cc$2rdamedia 183 $acr$2rdacarrier 200 10$aBibliothèque publique et Public Library $eEssai d'une généalogie comparée /$fAnne-Marie Bertrand 210 $aVilleurbanne $cPresses de l?enssib$d2016 215 $a1 online resource (232 p.) 311 $a2-910227-78-2 330 $aLa réflexion sur le modèle de bibliothèque entamée avec Quel modèle de bibliothèque ? (Presses de l'enssib, 2008) se poursuit par une analyse comparée des modèles français et américain de bibliothèque publique. Sont ici analysés les modalités de création de ces bibliothèques, leur rapport aux pouvoirs, leur place dans la société, leurs fonctions et leurs fonctionnements. un chapitre complète l'analyse avec une présentation des deux grandes associations professionnelles (Association des bibliothécaires de France, American Library Association). Une place importante est consacrée à l'analyse comparée des fondements et des objectifs de chacun de ces modèles : aux États-Unis, l'accent mis sur l'accès libre à l'information et sur la fonction éducative de la Public ; en France, sur l'offre de collections et services culturels et sur l'accès à tous (la démocratisation culturelle). Au-delà d'un socle commun de valeurs et de projets, cet ouvrage souligne l'écart entre les choix des établissements de part et d'autre de l'Atlantique, leur rapport au savoir, à l'information et à la censure, et les représentations que l'histoire récente des uns et des autres ont pu créer dans l'imaginaire collectif. 606 $aLibrary, Information & Communication sciences 606 $abibliothéconomie 606 $abibliothèques publiques 606 $aFrance 606 $aEtats-Unis 610 $abibliothèques publiques 610 $abibliothéconomie 610 $aFrance 610 $aEtats-Unis 615 4$aLibrary, Information & Communication sciences 615 4$abibliothéconomie 615 4$abibliothèques publiques 615 4$aFrance 615 4$aEtats-Unis 700 $aBertrand$b Anne-Marie$0908432 801 0$bFR-FrMaCLE 906 $aBOOK 912 $a9910169188403321 996 $aBibliothèque publique et Public Library$93026697 997 $aUNINA LEADER 02657oam 2200721zu 450 001 9910698355803321 005 20251017110116.0 035 $a(CKB)3450000000002101 035 $a(SSID)ssj0000621018 035 $a(PQKBManifestationID)11379378 035 $a(PQKBTitleCode)TC0000621018 035 $a(PQKBWorkID)10613546 035 $a(PQKB)10657755 035 $a(SSID)ssj0000620943 035 $a(PQKBManifestationID)11371931 035 $a(PQKBTitleCode)TC0000620943 035 $a(PQKBWorkID)10630310 035 $a(PQKB)11788036 035 $a(WaSeSS)Innodata00029922 035 $a(OCoLC)212626212 035 $a(OCoLC)229155588 035 $a(DNLM)1478445 035 $a(DNLM)1471150 035 $a(EXLCZ)993450000000002101 100 $a20160829d2008 uy 101 0 $aeng 135 $aur||||||||||| 181 $ctxt 182 $cc 183 $acr 200 00$aDiabetes education for children with type 1 diabetes mellitus and their families 210 31$a[Place of publication not identified]$cUniversity of Alberta/Capital Health Evidence based Practice Center$d2008 215 $a1 online resource 225 0 $aEvidence report/technology assessment Hydroxyurea for the treatment of sickle cell disease 300 $aBibliographic Level Mode of Issuance: Monograph 320 $aIncludes bibliographical references. 410 0$aEvidence report/technology assessment ;$vno. 166. 410 0$aAHRQ publication ;$vno. 08-E011. 606 $aSickle cell anemia$xTreatment 606 $aAntineoplastic agents$xTherapeutic use 606 $aUrea$xDerivatives$xTherapeutic use 606 $aDiabetes Mellitus, Type 1$xprevention & control 606 $aChild 606 $aEvidence-Based Medicine$xmethods 606 $aOutcome Assessment, Health Care 606 $aPatient Education as Topic$xmethods 608 $aMeta-Analysis. 615 0$aSickle cell anemia$xTreatment. 615 0$aAntineoplastic agents$xTherapeutic use. 615 0$aUrea$xDerivatives$xTherapeutic use. 615 12$aDiabetes Mellitus, Type 1$xprevention & control. 615 22$aChild. 615 22$aEvidence-Based Medicine$xmethods. 615 22$aOutcome Assessment, Health Care. 615 22$aPatient Education as Topic$xmethods. 702 $aSegal$b Jodi B. 712 02$aJohns Hopkins University Evidence-based Practice Center 712 02$aUnited States Agency for Healthcare Research and Quality 801 0$bPQKB 906 $aBOOK 912 $a9910698355803321 996 $aDiabetes education for children with type 1 diabetes mellitus and their families$93129500 997 $aUNINA